000 00719nam a2200205Ia 4500
003 GCL
008 140319s9999 xx 000 0 ara d
020 _a7673901977
040 _aGCL /
_cGCL
082 0 4 _a812
_bي س
100 1 _aياسر عادل محمد فهمى
245 1 0 _aالسلطان والقرين /
_cياسر عادل محمد فهمى
260 _aالقاهرة :
_bالهيئة المصرية العامة للكتاب ،
_c2000
300 _a54 ص ؛
_c20 سم
490 _aمسابقة تيمور للابداع المسرحى
_v0
650 0 4 _aالمسرحيات
650 0 4 _aالمسرحيات العربية - مصر
650 0 4 _aالمسرحيات - مسابقات
942 _2ddc
_cBK
999 _c6770
_d6770